000 00374cam a22001217a 4500
008 180718b1959 xxu||||| |||| 00| 0 eng d
082 _aB71103x5451 An24/1959
100 _aAndhra Pradesh. Law Department
245 _aThe Andhra Pradesh panchayat samithis and zilla parishads act
260 _aHyderabad
_bThe author
_c1959
300 _a44p.
500 _aAct no. XXXV of 1959
999 _c488537
_d488537